| 000 | 00510nam a2200133Ia 4500 | ||
|---|---|---|---|
| 008 | 171207s9999 xx 000 0 und d | ||
| 100 | _aWyche, Susan | ||
| 245 | _aImagined Facebook: An exploratory study of non-users’ perceptions of social media in Rural Zambia | ||
| 245 | _cSusan Wyche, Eric PS Baumer | ||
| 260 | _c2017 | ||
| 300 | _apages 1092-1108, July 2017 | ||
| 440 |
_aNew Media & Society _v19:7 |
||
| 650 | _aAfrica, Facebook, mobile phones, non-users, qualitative research, social media, Zambia | ||
| 999 |
_c347666 _d347666 |
||